Statistics for The Flags Quiz #1

Click here to take the quiz!

General Stats

  • This quiz has been taken 19 times
  • The average score is 16 of 16

Answer Stats

Answer% Correct
Australia
100%
Brazil
100%
Canada
100%
China
100%
France
100%
Germany
100%
Italy
100%
Japan
100%
Spain
100%
United Kingdom
100%
United States Of America
100%
Mexico
94%
Russia
94%
South Africa
94%
India
89%
Turkey
83%

Score Distribution

Percentile by Number Answered

Percent of People with Each Score

Your Score History

You have not taken this quiz